000 00334nam a2200121Ia 4500
008 210423s2005 xx 000 0 und d
082 _a303.3 MISS
100 _aMISRA (Geetanjali).
245 _aSexuality gender and rights.
260 _aNew Delhi
_bSage Publications
_c2005
365 _cINR
906 _agender ; rights. ; Sexuality
999 _c174214
_d174214